[Event "IM Marmaris Karia III 2018"]
[Site "Mentese Mugla"]
[Date "2018.10.25"]
[Round "2.3"]
[White "Rzayev, Bahruz"]
[Black "Guseynov, Alihan"]
[Result "1/2-1/2"]
[WhiteElo "2381"]
[BlackElo "2284"]
[Annotator "NA"]
[PlyCount "60"]
[EventDate "2018.10.26"]
[EventType "tourn"]
[EventCountry "TUR"]
[SourceTitle "playchess.com"]
[Source "ChessBase"]
[SourceQuality "1"]
[TimeControl "5400+30"]

1. e4 {[%emt 0:00:30]} c6 {[%emt 0:00:30]} 2. d4 {[%emt 0:00:30]} d5 {[%emt 0:00:00]} 3. exd5 {[%emt 0:00:30]} cxd5 {[%emt 0:00:00]} 4. c4 {[%emt 0:00:00]} Nf6 {[%emt 0:00:30]} 5. Nc3 {[%emt 0:00:00]} e6 {[%emt 0:00:30]} 6. Nf3 {[%emt 0:00:30]} Bb4 {[%emt 0:00:30]} 7. a3 {[%emt 0:01:30]} Bxc3+ {[%emt 0:00:00]} 8. bxc3 {[%emt 0:00:30]} O-O {[%emt 0:00:00]} 9. c5 {[%emt 0:02:30]} b6 {[%emt 0:03:30]} 10. cxb6 {[%emt 0:00:30]} axb6 {[%emt 0:00:30]} 11. Bd3 {[%emt 0:00:00]} Ba6 {[%emt 0:00:00]} 12. O-O {[%emt 0:01:00]} Qc7 {[%emt 0:02:00]} 13. Bxa6 {[%emt 0:00:30]} Rxa6 {[%emt 0:00:30]} 14. Qd3 {[%emt 0:01:30]} Rc8 {[%emt 0:01:30]} 15. Bb2 {[%emt 0:06:30]} h6 {[%emt 0:02:30]} 16. Ne5 {[%emt 0:00:30]} Qb7 {[%emt 0:02:30]} 17. c4 {[%emt 0:01:30]} dxc4 {[%emt 0:00:30]} 18. Nxc4 {[%emt 0:00:00]} b5 {[%emt 0:01:30]} 19. Ne3 {[%emt 0:00:00]} Nbd7 {[%emt 0:00:30]} 20. Rfc1 {[%emt 0:00:30]} Rxc1+ {[%emt 0:00:30]} 21. Rxc1 {[%emt 0:00:30]} Rc6 {[%emt 0:00:30]} 22. Rxc6 {[%emt 0:00:00]} Qxc6 {[%emt 0:00:00]} 23. Qc2 {[%emt 0:00:00]} Qxc2 {[%emt 0:00:00]} 24. Nxc2 {[%emt 0:00:00]} Nb6 {[%emt 0:00:30]} 25. Kf1 {[%emt 0:00:00]} Kf8 {[%emt 0:00:00]} 26. Ke2 {[%emt 0:00:00]} Ke7 {[%emt 0:00:00]} 27. Kd3 {[%emt 0:00:00]} Nfd5 {[%emt 0:00:30]} 28. g3 {[%emt 0:00:30]} h5 {[%emt 0:00:00]} 29. Bc1 {[%emt 0:00:00]} g6 {[%emt 0:00:00]} 30. h4 {[%emt 0:00:00]} Kd7 {[%emt 0:00:00]} 1/2-1/2

[Event "IM Marmaris Karia III 2018"]
[Site "Mentese Mugla"]
[Date "2018.10.25"]
[Round "2.4"]
[White "Gevorgyan, Maria"]
[Black "Gasanov, Zaur"]
[Result "1-0"]
[WhiteElo "2207"]
[BlackElo "2195"]
[Annotator "NA"]
[PlyCount "99"]
[EventDate "2018.10.26"]
[EventType "tourn"]
[EventCountry "TUR"]
[SourceTitle "playchess.com"]
[Source "ChessBase"]
[SourceQuality "1"]
[TimeControl "5400+30"]

1. e4 {[%emt 0:00:30]} c6 {[%emt 0:00:30]} 2. d4 {[%emt 0:00:00]} d5 {[%emt 0:00:00]} 3. Nc3 {[%emt 0:00:00]} dxe4 {[%emt 0:00:00]} 4. Nxe4 {[%emt 0:00:00]} Nd7 {[%emt 0:00:30]} 5. Nf3 {[%emt 0:00:00]} Ngf6 {[%emt 0:00:30]} 6. Nxf6+ {[%emt 0:00:30]} Nxf6 {[%emt 0:00:00]} 7. Ne5 {[%emt 0:00:00]} Be6 {[%emt 0:00:00]} 8. c3 {[%emt 0:06:00]} g6 {[%emt 0:01:30]} 9. Be2 {[%emt 0:02:30]} Bg7 {[%emt 0:00:30]} 10. Bd2 {[%emt 0:01:30]} O-O {[%emt 0:02:30]} 11. h4 {[%emt 0:02:30]} h5 {[%emt 0:05:30]} 12. g4 {[%emt 0:04:30]} hxg4 {[%emt 0:05:30]} 13. Nxg4 {[%emt 0:03:30]} Nxg4 {[%emt 0:01:30]} 14. Bxg4 {[%emt 0:00:30]} Bd5 {[%emt 0:00:30]} 15. Rh3 {[%emt 0:04:30]} e5 {[%emt 0:06:30]} 16. dxe5 {[%emt 0:00:30]} Bxe5 {[%emt 0:00:30]} 17. Kf1 {[%emt 0:00:30]} f5 {[%emt 0:27:30]} 18. Be2 {[%emt 0:02:30]} Kg7 {[%emt 0:03:30]} 19. c4 {[%emt 0:26:30]} Be4 {[%emt 0:08:30]} 20. f3 {[%emt 0:13:30]} Bd3 {[%emt 0:02:30]} 21. f4 {[%emt 0:00:30]} Bxe2+ {[%emt 0:03:30]} 22. Qxe2 {[%emt 0:00:30]} Bf6 {[%emt 0:06:30]} 23. h5 {[%emt 0:06:30]} Rh8 {[%emt 0:00:30]} 24. Rg3 {[%emt 0:00:30]} Rh6 {[%emt 0:00:30]} 25. Rd1 {[%emt 0:00:30]} Qe8 {[%emt 0:00:30]} 26. Re3 {[%emt 0:00:30]} Qf7 {[%emt 0:01:30]} 27. Bc3 {[%emt 0:09:23]} Kf8 {[%emt 0:02:55]} 28. Rd6 {[%emt 0:00:56]} gxh5 {[%emt 0:06:00]} 29. Ree6 {[%emt 0:04:14]} Bxc3 {[%emt 0:00:53]} 30. Rxh6 {[%emt 0:00:05]} Bg7 {[%emt 0:00:26]} 31. Rhe6 {[%emt 0:00:36]} h4 {[%emt 0:00:24]} 32. Qd3 {[%emt 0:02:17]} Kg8 {[%emt 0:03:04]} 33. Re2 {[%emt 0:00:08]} Kh8 {[%emt 0:00:35]} 34. Rd7 {[%emt 0:00:41]} Qf6 {[%emt 0:01:23]} 35. Rd6 {[%emt 0:01:18]} Qf7 {[%emt 0:00:33]} 36. Rd8+ {[%emt 0:00:09]} Rxd8 {[%emt 0:00:11]} 37. Qxd8+ {[%emt 0:00:06]} Kh7 {[%emt 0:00:08]} 38. Qxh4+ {[%emt 0:00:04]} Kg8 {[%emt 0:00:05]} 39. Qd8+ {[%emt 0:01:31]} Kh7 {[%emt 0:00:16]} 40. Rh2+ {[%emt 0:00:03]} Bh6 {[%emt 0:00:15]} 41. b3 {[%emt 0:00:05]} Qg7 {[%emt 0:00:45]} 42. Rd2 {[%emt 0:01:16]} Qg4 {[%emt 0:02:14]} 43. Qd7+ {[%emt 0:01:43]} Kh8 {[%emt 0:01:29]} 44. Qe8+ {[%emt 0:00:03]} Qg8 {[%emt 0:01:09]} 45. Qh5 {[%emt 0:03:46]} Qe6 {[%emt 0:00:28]} 46. Re2 {[%emt 0:00:36]} Qf6 {[%emt 0:01:44]} 47. Qe8+ {[%emt 0:01:14]} Kh7 {[%emt 0:00:11]} 48. Qe7+ {[%emt 0:00:54]} Bg7 {[%emt 0:00:10]} 49. Qxf6 {[%emt 0:00:13]} Bxf6 {[%emt 0:00:07]} 50. Rd2 {[%emt 0:00:00]} 1-0

[Event "IM Marmaris Karia III 2018"]
[Site "Mentese Mugla"]
[Date "2018.10.25"]
[Round "2.5"]
[White "Mammadov, Zaur"]
[Black "Alaz, Ahmet Efekan"]
[Result "1/2-1/2"]
[WhiteElo "2465"]
[BlackElo "2121"]
[Annotator "TA"]
[PlyCount "40"]
[EventDate "2018.10.26"]
[EventType "tourn"]
[EventCountry "TUR"]
[SourceTitle "playchess.com"]
[Source "ChessBase"]
[SourceQuality "1"]

{[%evp 19,40,-70,-78,-72,-68,-71,-49,-91,-93,-87,-85,-88,0,0,0,0,0,0,0,0,0,0,0]} 1. e4 c6 2. Nf3 d5 3. Nc3 Bg4 4. h3 Bxf3 5. Qxf3 e6 6. d4 dxe4 7. Nxe4 Qxd4 {B11: Caro-Kann: Two Knights Variation} 8. Bd3 (8. c3 Qd5 9. Bd3 Nd7 10. Qe2 Nc5 11. Bc2 Nxe4 12. Bxe4 Qd7 13. O-O Nf6 14. Bf3 Bd6 15. Rd1 {½-½ (30) Nepomniachtchi,I (2767)-Anand,V (2779) Doha 2016}) 8... Nd7 {[%cal Bb8d7,Bd7e5,Be5d3][%mdl 32]} 9. Be3 Qd5 10. O-O Ne5 $1 {[%cal Re5f3] LiveBook: 3 Games} 11. Qg3 Nxd3 12. cxd3 Nf6 13. Bg5 Be7 14. Bxf6 Bxf6 15. Qc7 {[#] Nd6+ is the strong threat.} Qd7 (15... Be5 $1 $17 {[%cal Re5c7]} 16. Qxb7 O-O) 16. Nd6+ $1 $11 {The position is equal.} Ke7 $1 17. Nf5+ $1 Ke8 18. Nd6+ $146 Ke7 $1 19. Nf5+ $1 Ke8 20. Nd6+ Ke7 $1 1/2-1/2

[Event "IM Marmaris Karia III 2018"]
[Site "Mentese Mugla"]
[Date "2018.10.27"]
[Round "3.1"]
[White "Eminov, Orkhan"]
[Black "Bagaturov, Giorgi"]
[Result "1/2-1/2"]
[WhiteElo "2343"]
[BlackElo "2417"]
[Annotator "TA"]
[PlyCount "155"]
[EventDate "2018.10.26"]
[EventType "tourn"]
[EventCountry "TUR"]
[SourceTitle "playchess.com"]
[Source "ChessBase"]
[SourceQuality "1"]

{[%evp 31,155,47,57,0,64,52,64,61,60,59,60,58,58,58,72,22,29,0,0,0,0,0,0,0,0,-3,0,-8,-8,-28,-26,-68,-68,-68,-68,-68,-68,-68,-68,-86,-83,-87,-68,-68,-68,-68,-68,-68,-68,-68,-68,-75,-68,-102,-78,-94,-68,-68,0,-68,-68,-68,0,0,0,0,0,-68,-68,-68,-68,-68,-68,-68,-68,-68,-53,-68,-68,-75,-75,-75,-75,-75,-75,-75,-75,-75,-75,-75,-75,-75,-47,-54,-47,-47,0,-47,-47,-54,-31,-31,-31,-31,-31,-31,-31,-38,-38,-72,0,0,0,0,0,0,0,0,0,0,0,0,0,0,0,0]} 1. e4 c5 2. Nf3 Nc6 3. Bb5 g6 4. O-O Bg7 5. Re1 Nf6 {[%cal Bg8f6,Bf6d5,Bd5c7,Bc7e6][%mdl 32]} 6. e5 Nd5 7. Nc3 Nc7 8. Bxc6 dxc6 9. Ne4 Ne6 10. d3 O-O 11. Be3 b6 12. Qd2 Nd4 13. Nxd4 cxd4 14. Bh6 Bxe5 15. Bxf8 Qxf8 16. a4 a5 17. b4 {B31: Sicilian: 2...Nc6 3 Bb5 g6} (17. Qg5 $14 f6 18. Qh4) (17. c4 f5 18. Ng5 Bd6 19. f4 h6 20. Nf3 c5 21. Ne5 Kg7 22. Qf2 Bb7 23. Qg3 Qe8 24. Re2 Rc8 {0-1 (62) Janev,E (2491)-Filev,G (2375) Sofia 2008}) 17... Bc7 (17... Qd8 $11) 18. c3 $14 dxc3 $146 ({Predecessor:} 18... e5 19. bxa5 Rxa5 20. cxd4 f5 21. Ng5 h6 22. Nf3 exd4 23. Nxd4 Bd7 24. Ne6 Bxh2+ 25. Kxh2 Qd6+ 26. Qf4 {1-0 (26) Chaplin,E (2190)-Danet,B Montpellier 1998}) 19. Qxc3 {White is slightly better.} Bd7 20. b5 Rc8 21. Qd4 Rd8 22. bxc6 Bxc6 23. Qc4 (23. Qc3 {is interesting.} Rc8 24. g3 Bb7 25. Qb2 Qd8 26. Qb5) 23... Rc8 24. Rac1 Bxe4 25. Qxe4 Bxh2+ $1 26. Kf1 {[#] Strongly threatening g3.} Bd6 27. g3 Bb4 28. Red1 Qe8 29. Kg2 Rd8 30. Rh1 Qxa4 {...Qa2 is the strong threat.} 31. Qe3 h5 $1 32. Rxh5 Bc5 $1 {[%cal Rc5e3]} 33. Rhxc5 bxc5 34. Rxc5 $15 {[%mdl 4096] Endgame KQR-KQR} e6 35. Qg5 Qd7 {aiming for ...Qb7+.} 36. Rxa5 Qb7+ 37. Kh2 Rxd3 38. Rb5 Qa7 39. Qf4 Rd8 40. Rb4 Qc5 41. Rb1 Kg7 42. Kg1 Qd5 43. Re1 Rh8 {[%csl Gd5][%cal Rh8h1] [#]} 44. Qe5+ Kg8 (44... Qxe5 $15 45. Rxe5 Kf6) 45. Qb8+ (45. Qxd5 $11 exd5 46. Rd1) 45... Kh7 $1 46. Qc7 Kg7 (46... Qf3 $15) 47. Qc3+ $11 Kg8 ({Better is} 47... e5 $11 48. Qxe5+ Qxe5 49. Rxe5 Rc8) 48. Qc8+ $15 Kh7 49. Qc7 $1 Rf8 50. Re5 Qd8 51. Qc3 Qd1+ 52. Re1 Qd5 53. Qf6 Qf5 54. Qc3 Rd8 55. Re5 Qb1+ 56. Re1 Rd1 57. Rxd1 Qxd1+ $17 {KQ-KQ} 58. Kg2 Qd5+ 59. Kg1 e5 {[%cal Be6e5,Be5e4][%mdl 32]} 60. Qc7 Kg7 61. Qe7 e4 62. Kf1 Qd4 63. Kg2 Qd5 {White must now prevent ...e3+.} 64. Kg1 Qe6 65. Qc5 f6 66. Qa7+ Kh6 67. Qb8 {White threatens Qh8+ and mate.} g5 (67... Kh7 {is more complex.} 68. Qa7+ Kg8 69. Qa8+ Kf7 70. Qh8 g5) 68. Qf8+ Kg6 69. Kg2 f5 70. Qb8 f4 ({Black should try} 70... e3 $17 {( -> ...e2)} 71. fxe3 Qc6+ 72. Kg1 Qc1+ 73. Kg2 Qd2+ 74. Kf1 Qxe3 75. Qd6+ Kh5 76. Qd1+ Kh6 77. Qd6+ Kg7 78. Qd7+ Kf6 79. Qd6+ Kf7 80. Qd7+ Kf6 81. Qd6+ Kf7 82. Qd7+ Kg6 83. Qd6+ Kh5 84. Qd1+ Kg6 85. Qd6+) 71. gxf4 $11 {The position is equal.} Qg4+ 72. Kf1 Qxf4 73. Qe8+ Kg7 74. Qe7+ Kh6 75. Qe6+ Kh5 76. Qh3+ Qh4 77. Qf5 Qf4 78. Qh3+ {Precision: White = 59%, Black = 63%.} 1/2-1/2

[Event "IM Marmaris Karia III 2018"]
[Site "Mentese Mugla"]
[Date "2018.10.27"]
[Round "3.2"]
[White "Dedebas, Emre Emin"]
[Black "Rzayev, Bahruz"]
[Result "1/2-1/2"]
[WhiteElo "2302"]
[BlackElo "2381"]
[Annotator "TA"]
[PlyCount "60"]
[EventDate "2018.10.26"]
[EventType "tourn"]
[EventCountry "TUR"]
[SourceTitle "playchess.com"]
[Source "ChessBase"]
[SourceQuality "1"]

{[%evp 20,60,31,24,27,33,35,21,45,52,69,61,68,72,65,78,71,66,72,72,86,40,43,37,64,57,60,19,22,14,18,9,9,0,5,0,0,0,0,0,0,0,0]} 1. d4 d5 2. c4 dxc4 3. e3 e5 4. Bxc4 exd4 5. exd4 Nf6 6. Nf3 Bd6 7. Qe2+ {D20: Queen's Gambit Accepted: 3 e3 and 3 e4} Qe7 8. Qxe7+ Bxe7 9. O-O O-O 10. Nc3 a6 11. Re1 {LiveBook: 10 Games} Bd6 12. Bg5 Nbd7 13. Bb3 (13. a4 h6 14. Bh4 g5 15. Bg3 Kg7 16. Bb3 Re8 17. Ne5 Re7 {½-½ (17) Li,C (2724)-Alekseenko,K (2625) Qinhuangdao 2018}) 13... b6 14. Ne5 Bb7 15. Nxd7 Nxd7 16. Be7 $146 Rfe8 17. Bxd6 cxd6 18. Bd5 Bxd5 19. Nxd5 Nf8 20. Re3 Ne6 21. Rae1 b5 22. Nf4 {[%cal Rf4e6]} Nc7 23. g3 Rxe3 {The position is equal.} 24. Rxe3 $11 {[%mdl 4096] Endgame KRN-KRN} Kf8 25. Rc3 Ra7 26. Kg2 Ke7 27. Kf3 Kd7 28. h4 Ra8 29. Rc2 Re8 30. Re2 Rxe2 {Precision: White = 49%, Black = 77%.} 1/2-1/2

[Event "IM Marmaris Karia III 2018"]
[Site "Mentese Mugla"]
[Date "2018.10.27"]
[Round "3.3"]
[White "Guseynov, Alihan"]
[Black "Gevorgyan, Maria"]
[Result "0-1"]
[WhiteElo "2284"]
[BlackElo "2207"]
[Annotator "TA"]
[PlyCount "106"]
[EventDate "2018.10.26"]
[EventType "tourn"]
[EventCountry "TUR"]
[SourceTitle "playchess.com"]
[Source "ChessBase"]
[SourceQuality "1"]

{[%evp 14,106,24,20,77,83,106,110,109,101,109,94,148,161,163,165,156,165,169,175,216,123,127,-84,-77,-87,-91,-90,-80,-82,-84,-98,-98,-126,-122,-168,-164,-163,-132,-136,-141,-139,-87,-226,-216,-230,-233,-216,-126,-192,-152,-224,-240,-344,-314,-313,-299,-291,-283,-289,-283,-289,-166,-302,-333,-310,-320,-273,-150,-126,-79,-74,-68,-406,-25,-189,-199,-197,0,0,0,-410,0,-681,-634,-563,-533,-29964,-6536,-29984,-29985,-29985,-29986,-29987,-29970]} 1. c4 Nf6 2. Nc3 e6 3. e4 d5 4. e5 d4 5. exf6 dxc3 6. bxc3 Qxf6 7. Nf3 b6 8. d4 {LiveBook: 89 Games} Bd6 {A18: English Opening: Flohr-Mikenas System (1 c4 Nf6 2 Nc3 e6 3 e4)} (8... h6 $11) (8... Bb7 9. Bd3 h6 10. O-O Bd6 11. Nd2 O-O 12. Re1 Qh4 13. h3 c5 14. Ne4 Bc7 15. Rb1 Nd7 16. Nxc5 Nxc5 17. dxc5 {½-½ (26) Radjabov,T (2751)-Wojtaszek,R (2727) Batumi 2018}) 9. Bd3 $16 h6 10. Be4 c6 {White is better.} 11. O-O Qe7 12. a4 $146 {[%cal Ba2a4,Ba4a5,Ba5a6][%mdl 32]} ({Predecessor:} 12. Re1 O-O 13. a4 f5 14. Bd3 Nd7 15. a5 {1-0 (28) Strikovic,A (2494)-Ramirez,P (1892) Pamplona 2005}) 12... Qc7 (12... Bb7 $142) 13. a5 {Black must now prevent axb6.} Bb7 14. Re1 Nd7 15. a6 $1 {[%cal Ra6b7]} Bc8 16. Qa4 {aiming for c5.} Nb8 17. Ne5 (17. Be3 $1 $18) 17... O-O 18. Bxc6 $2 (18. Ba3 $16) 18... Nxc6 $17 19. Qxc6 Bxe5 $1 20. Qxa8 Bxh2+ (20... Bxa6 $6 21. Qf3 $11) 21. Kh1 {And now g3 would win.} Bxa6 $1 22. Qf3 Bxc4 23. Qg4 f5 24. Qg6 Rf6 25. Qh5 Bd6 26. Ba3 {Threatening Bxd6.} Bxa3 27. Rxa3 Kh7 (27... a5 $142 28. Rea1 Bd5) 28. Re5 (28. Qh2 $17 f4 29. Qh5) 28... Bd5 29. Qe2 a5 30. f3 h5 (30... Rg6 $19 31. Qf2 b5) 31. Qb5 (31. Qd2 $17) 31... Bc4 32. Qe8 (32. Qa4 $17 {was called for.}) 32... Rg6 $1 $19 33. Ra1 (33. Qa4 {was forced.}) 33... h4 34. Rae1 {[#]} h3 $1 {[%mdl 512]} 35. gxh3 Bd5 $1 {[%cal Rd5f3]} 36. Rg1 (36. R1e3 $2 Qc4 $19) 36... Bxf3+ 37. Kh2 Rh6 (37... Rxg1 $142 38. Kxg1 Qxc3) 38. Rg3 (38. Qb5 $142) 38... Bc6 $1 {[%cal Rc6e8]} ({Not} 38... Qxc3 39. Rxg7+ $1 {[%mdl 512]} Kxg7 40. Qe7+ Kg8 41. Qe8+ Kh7 42. Qf7+ Kh8 43. Qf8+ Kh7 44. Qf7+ Kh8 45. Qf8+ Kh7 46. Qf7+ $11) 39. Qf8 {Rxe6! is the strong threat.} Rf6 $1 {[%cal Rf6f8]} 40. Qa3 Ba8 (40... f4 $19 41. Rg1 Bd5) 41. Qc1 f4 42. Rg4 f3 $36 {[%mdl 2048] Black is more active.} 43. Qc2+ $2 {[%mdl 8192]} (43. Qg5 $15) 43... g6 $2 ({Black should play} 43... Kg8 $19 44. Qf2 Qxc3) 44. Qf2 $2 (44. Rh4+ $11 Kg8 45. Rf4) 44... a4 ({Worse is} 44... Qxc3 45. Qh4+ Kg7 46. Rxg6+ Rxg6 47. Qe7+ Kg8 48. Qe8+ Kg7 49. Qe7+ Kg8 50. Qd8+ Kg7 51. Qe7+ $11) 45. h4 {[%cal Bh3h4,Bh4h5][%mdl 32] [#]} a3 $2 ({And not} 45... Qxc3 46. h5 $11) (45... Rf5 $1 $19 {Threatens to win with ...a3.} 46. Qg3 Qf7) 46. h5 $11 g5 {Strongly threatening ...Bd5.} 47. Rgxg5 $2 {[%mdl 8192] [#]} (47. Kh3 $1 $11) 47... Qxc3 $2 ({Black should try} 47... Be4 $1 $19 {[%cal Re4b1]} 48. Qh4 Bd3) 48. Rg6 $2 {[%mdl 8192]} (48. Rg1 $11 Qb2 49. Qxb2 axb2 50. Rb5) 48... Qb2 $19 49. Qxb2 axb2 50. Rb5 Rf5 51. Rxf5 exf5 {Black mates.} 52. Rg1 f2 53. Rf1 Be4 {Precision: White = 37%, Black = 61%.} 0-1

[Event "IM Marmaris Karia III 2018"]
[Site "Mentese Mugla"]
[Date "2018.10.27"]
[Round "3.4"]
[White "Gasanov, Zaur"]
[Black "Mammadov, Zaur"]
[Result "1/2-1/2"]
[WhiteElo "2195"]
[BlackElo "2465"]
[Annotator "TA"]
[PlyCount "33"]
[EventDate "2018.10.26"]
[EventType "tourn"]
[EventCountry "TUR"]
[SourceTitle "playchess.com"]
[Source "ChessBase"]
[SourceQuality "1"]

{[%evp 10,33,35,9,29,13,16,15,37,16,40,0,18,20,12,15,14,21,12,14,12,13,18,-20,-14,-117]} 1. e4 c6 2. d4 d5 3. Nd2 g6 4. e5 Bg7 5. f4 Nh6 6. Ndf3 {LiveBook: 3 Games. B12: Caro-Kann: Advance Variation} Qb6 $146 ({Predecessor:} 6... f6 7. Bd3 c5 8. dxc5 Qa5+ 9. Bd2 Qxc5 10. Qe2 Nc6 11. O-O-O Bf5 12. Bxf5 Nxf5 13. g4 {0-1 (29) Bove,A (2397)-Makarov,M (2521) St Petersburg 2010}) 7. c3 O-O 8. Bd3 f6 9. Qb3 Na6 {[%cal Bb8a6,Ba6c7,Bc7e6][%mdl 32]} 10. Be3 fxe5 {The position is equal.} 11. fxe5 Nc7 12. Ne2 Bf5 13. Bxf5 Nxf5 14. Qxb6 axb6 15. Bd2 Ne6 16. O-O Bh6 17. Ng3 {Precision: White = 38%, Black = 38%.} (17. Bxh6 $11 {remains equal.} Nxh6 18. h3) 1/2-1/2

[Event "IM Marmaris Karia III 2018"]
[Site "Mentese Mugla"]
[Date "2018.10.27"]
[Round "3.5"]
[White "Alaz, Ahmet Efekan"]
[Black "Simantsev, Mikhail"]
[Result "1/2-1/2"]
[WhiteElo "2121"]
[BlackElo "2424"]
[Annotator "TA"]
[PlyCount "76"]
[EventDate "2018.10.26"]
[EventType "tourn"]
[EventCountry "TUR"]
[SourceTitle "playchess.com"]
[Source "ChessBase"]
[SourceQuality "1"]

{[%evp 21,76,20,21,20,26,8,14,13,14,12,17,14,21,0,22,10,19,0,0,-10,-9,-13,-12,-12,0,-6,-15,-6,0,0,0,-5,0,-1,14,5,27,16,11,0,15,0,0,0,0,0,0,0,0,0,0,-103,-150,-2628,-161,-1572,0]} 1. d4 d5 2. Nf3 Nf6 3. e3 Bf5 4. Bd3 Bxd3 5. Qxd3 e6 6. Nbd2 Nbd7 7. e4 dxe4 8. Nxe4 Nxe4 9. Qxe4 c6 10. O-O {D04: Colle System} Nf6 11. Qe2 Be7 {LiveBook: 4 Games} 12. Bg5 {The position is equal.} O-O 13. c3 Nd5 14. Bxe7 Qxe7 {[#]} 15. Rfe1 $146 ({Predecessor:} 15. Ne5 Nf4 16. Qe3 Nd5 17. Qe2 Nf4 18. Qe3 Nd5 19. Qe2 {½-½ (20) Yu,Y (2662)-Vidit,S (2565) Kocaeli 2013}) 15... Rad8 {[%cal Ba8d8,Bd8d7,Bd7d5][%mdl 32]} 16. Rad1 Rfe8 17. Ne5 Nf6 18. h3 Nd7 19. Nxd7 Rxd7 20. Rd2 Red8 21. Red1 Qf6 22. a4 Rd5 23. Rd3 g6 24. Rf3 Rf5 25. Rdd3 Rdd5 26. Qe4 Rxf3 27. Rxf3 Rf5 (27... Qg5 {seems wilder.} 28. b3 e5 29. g4 h5 30. Qe3 Qxe3 31. fxe3 exd4 32. exd4 Rg5) 28. Rxf5 Qxf5 (28... exf5 {feels hotter.} 29. Qe8+ Kg7 30. f4 g5 31. Qe3 gxf4 32. Qxf4 Qe6) 29. Qxf5 gxf5 $11 {[%mdl 4096] Endgame KP-KP} 30. f4 h5 31. g3 Kf8 32. Kf2 a5 33. Ke3 Ke7 34. Kd3 Kd6 35. b3 b6 36. c4 (36. Kc4 $11) 36... c5 $17 37. h4 $2 {[#]} (37. d5 $17) 37... Kc6 $2 (37... cxd4 $1 38. Kxd4 f6) 38. Kc3 $2 (38. d5+ exd5 39. Kd2) 38... Kd6 $2 {Precision: White = 25%, Black = 49%.} ({Better is} 38... cxd4+ $19 39. Kxd4 f6) 1/2-1/2

[Event "IM Marmaris Karia III 2018"]
[Site "Mentese Mugla"]
[Date "2018.10.27"]
[Round "4.1"]
[White "Rzayev, Bahruz"]
[Black "Eminov, Orkhan"]
[Result "1/2-1/2"]
[WhiteElo "2381"]
[BlackElo "2343"]
[Annotator "NA"]
[PlyCount "39"]
[EventDate "2018.10.26"]
[EventType "tourn"]
[EventCountry "TUR"]
[SourceTitle "playchess.com"]
[Source "ChessBase"]
[SourceQuality "1"]
[TimeControl "5400+30"]

1. e4 {[%emt 0:01:30]} e5 {[%emt 0:02:30]} 2. Nf3 {[%emt 0:00:00]} Nc6 {[%emt 0:01:30]} 3. Bb5 {[%emt 0:01:00]} a6 {[%emt 0:00:30]} 4. Bxc6 {[%emt 0:01:30]} dxc6 {[%emt 0:03:30]} 5. O-O {[%emt 0:02:30]} Qd6 {[%emt 0:00:30]} 6. d4 {[%emt 0:00:30]} exd4 {[%emt 0:01:30]} 7. Qxd4 {[%emt 0:00:30]} Qxd4 {[%emt 0:00:30]} 8. Nxd4 {[%emt 0:00:00]} Bc5 {[%emt 0:00:00]} 9. Be3 {[%emt 0:00:00]} Bb6 {[%emt 0:02:00]} 10. Nc3 {[%emt 0:01:30]} Ne7 {[%emt 0:00:00]} 11. Rad1 {[%emt 0:00:00]} Bd7 {[%emt 0:00:00]} 12. h3 {[%emt 0:00:00]} O-O-O {[%emt 0:00:30]} 13. f4 {[%emt 0:00:30]} Rhe8 {[%emt 0:00:30]} 14. Rfe1 $15 {[%emt 0:00:00]} Kb8 {[%emt 0:00:30]} 15. Kh2 {[%emt 0:00:00]} Bc8 {[%emt 0:00:30]} 16. Bg1 {[%emt 0:00:30]} Bd7 {[%emt 0:00:00]} 17. Be3 {[%emt 0:00:30]} Bc8 {[%emt 0:00:00]} 18. Bg1 {[%emt 0:00:00]} Bd7 {[%emt 0:00:30]} 19. Be3 {[%emt 0:00:00]} Bc8 {[%emt 0:00:30]} 20. Bg1 {[%emt 0:00:30]} 1/2-1/2

[Event "IM Marmaris Karia III 2018"]
[Site "Mentese Mugla"]
[Date "2018.10.27"]
[Round "4.2"]
[White "Gevorgyan, Maria"]
[Black "Dedebas, Emre Emin"]
[Result "1/2-1/2"]
[WhiteElo "2207"]
[BlackElo "2302"]
[Annotator "NA"]
[PlyCount "94"]
[EventDate "2018.10.26"]
[EventType "tourn"]
[EventCountry "TUR"]
[SourceTitle "playchess.com"]
[Source "ChessBase"]
[SourceQuality "1"]
[TimeControl "5400+30"]

1. e4 {[%emt 0:00:30]} e5 {[%emt 0:00:30]} 2. Nf3 {[%emt 0:00:00]} Nc6 {[%emt 0:00:00]} 3. Bb5 {[%emt 0:00:00]} a6 {[%emt 0:00:00]} 4. Ba4 {[%emt 0:00:00]} Nf6 {[%emt 0:00:00]} 5. O-O {[%emt 0:00:00]} Be7 {[%emt 0:00:00]} 6. Bxc6 {[%emt 0:00:00]} dxc6 {[%emt 0:00:30]} 7. d3 {[%emt 0:00:00]} Nd7 {[%emt 0:02:30]} 8. Nbd2 {[%emt 0:00:30]} O-O {[%emt 0:01:30]} 9. Nc4 {[%emt 0:00:00]} f6 {[%emt 0:00:30]} 10. Nh4 {[%emt 0:00:00]} Nc5 {[%emt 0:11:30]} 11. Nf5 {[%emt 0:00:30]} Bxf5 $11 {[%emt 0:05:30]} 12. exf5 {[%emt 0:00:30]} Re8 {[%emt 0:01:30]} 13. Qg4 {[%emt 0:05:30]} Bf8 {[%emt 0:00:30]} 14. Re1 {[%emt 0:06:30]} Qd5 {[%emt 0:03:30]} 15. Be3 {[%emt 0:05:30]} Rad8 {[%emt 0:03:30]} 16. b3 {[%emt 0:00:30]} b6 {[%emt 0:08:30]} 17. Rad1 {[%emt 0:01:30]} Nb7 {[%emt 0:03:30]} 18. a4 {[%emt 0:20:30]} Qd7 {[%emt 0:04:30]} 19. Bc1 {[%emt 0:05:30]} Bc5 {[%emt 0:08:30]} 20. Be3 {[%emt 0:06:30]} Bf8 {[%emt 0:01:30]} 21. Qf3 {[%emt 0:03:30]} Qd5 {[%emt 0:05:30]} 22. Qh5 {[%emt 0:01:30]} Qd7 {[%emt 0:05:30]} 23. Ra1 {[%emt 0:12:30]} Bb4 {[%emt 0:03:30]} 24. Bd2 {[%emt 0:00:30]} Bxd2 {[%emt 0:02:30]} 25. Nxd2 {[%emt 0:00:30]} Nd6 {[%emt 0:00:30]} 26. g4 {[%emt 0:00:00]} a5 {[%emt 0:03:30]} 27. Re3 {[%emt 0:01:00]} Qf7 {[%emt 0:00:30]} 28. Qxf7+ {[%emt 0:02:30]} Kxf7 {[%emt 0:03:30]} 29. Kg2 {[%emt 0:00:30]} Nc8 {[%emt 0:00:30]} 30. Re4 {[%emt 0:04:30]} Ne7 {[%emt 0:00:30]} 31. b4 {[%emt 0:00:30]} axb4 {[%emt 0:03:28]} 32. Rxb4 {[%emt 0:00:30]} c5 {[%emt 0:01:29]} 33. Rc4 {[%emt 0:02:30]} Nc6 {[%emt 0:06:34]} 34. Nb3 {[%emt 0:00:00]} Nd4 {[%emt 0:03:19]} 35. Nd2 {[%emt 0:02:00]} Ra8 {[%emt 0:02:15]} 36. Re1 {[%emt 0:05:53]} Ra7 {[%emt 0:01:06]} 37. f4 {[%emt 0:01:33]} exf4 {[%emt 0:02:30]} 38. Rxe8 {[%emt 0:00:06]} Kxe8 {[%emt 0:00:04]} 39. c3 {[%emt 0:06:19]} Nc6 {[%emt 0:00:24]} 40. Rxf4 {[%emt 0:00:25]} Ne5 {[%emt 0:01:01]} 41. d4 {[%emt 0:01:14]} cxd4 {[%emt 0:00:39]} 42. Rxd4 {[%emt 0:00:18]} c5 {[%emt 0:01:26]} 43. Re4 {[%emt 0:00:37]} Kd7 {[%emt 0:01:56]} 44. g5 {[%emt 0:00:08]} Kc6 {[%emt 0:00:32]} 45. gxf6 {[%emt 0:01:25]} gxf6 {[%emt 0:00:03]} 46. Rh4 {[%emt 0:02:02]} Rg7+ {[%emt 0:00:49]} 47. Kf2 {[%emt 0:01:36]} Rg4 {[%emt 0:00:38]} 1/2-1/2